000 00333 a2200157 4500
001 61717
020 _a9783191072551
040 _cAnchieta - Pituba
100 _aVerlag, Hueber
240 1 0 _aLösungsschlüssel
_lpor
245 1 0 _aLösungsschlüssel
300 _a67
362 0 _a2001
650 4 _aLíngua alemã
942 _cBK
999 _c61717
_d61717